000097023 001__ 97023
000097023 005__ 20201130100756.0
000097023 0248_ $$2sideral$$a120841
000097023 037__ $$aART-2020-120841
000097023 041__ $$aspa
000097023 100__ $$0(orcid)0000-0001-6730-8796$$aCarreras Manero, Olga Berta$$uUniversidad de Zaragoza
000097023 245__ $$aLa línea continuista en la apuesta por el gasto social en los presupuestos de la Comunidad Autónoma de Aragón para el ejercicio 2020
000097023 260__ $$c2020
000097023 5060_ $$aAccess copy available to the general public$$fUnrestricted
000097023 5203_ $$aEn el presente artículo se lleva a cabo un análisis del contenido de la Ley de Presupuestos de la Comunidad Autónoma de Aragón para el ejercicio 2020, diferenciando la parte correspondiente a los estados financieros de dicha Ley, de la dispositiva (articulado). Asimismo, se destacan las principales novedades que presenta la citada norma respecto de los presupuestos aprobados en el ejercicio 2018, en la medida en que los mismos fueron objeto de prórroga para el año 2019.
000097023 540__ $$9info:eu-repo/semantics/openAccess$$aby-nc-nd$$uhttp://creativecommons.org/licenses/by-nc-nd/3.0/es/
000097023 655_4 $$ainfo:eu-repo/semantics/article$$vinfo:eu-repo/semantics/publishedVersion
000097023 7102_ $$14003$$2150$$aUniversidad de Zaragoza$$bDpto. Derecho de la Empresa$$cÁrea Dcho. Financiero y Tribu.
000097023 773__ $$g55 (2020), 260-277$$pRev. aragon. adm. pública$$tRevista aragonesa de administración pública$$x1133-4797
000097023 85641 $$uhttp://bibliotecavirtual.aragon.es/bva/i18n/publicaciones/listar_numeros.cmd?busq_idPublicacion=18205&busq_anyo=2020&submit=Buscar$$zTexto completo de la revista
000097023 8564_ $$s101445$$uhttps://zaguan.unizar.es/record/97023/files/texto_completo.pdf$$yVersión publicada
000097023 8564_ $$s10373$$uhttps://zaguan.unizar.es/record/97023/files/texto_completo.jpg?subformat=icon$$xicon$$yVersión publicada
000097023 909CO $$ooai:zaguan.unizar.es:97023$$particulos$$pdriver
000097023 951__ $$a2020-11-30-07:53:34
000097023 980__ $$aARTICLE